000 00438nam a2200169Ia 4500
003 GCL
005 20240530100704.0
008 140319s9999 xx 000 0 eng d
040 _aGCL /
_cGCL
082 0 4 _a294.5922
_bR R
100 1 _aC.RAJAGOPALACHARI
245 1 0 _aRAMAYANA
_cC.RAJAGOPALACHARI
260 _a[S.N] :
_bBHARATIYA VIDYA BHAVAN ،
_c1985
300 _a320 P
490 _aBHAVAN'S BOOK UNIVERSITY
_v0
942 _2ddc
_cBK
999 _c19705
_d19705